[Event "RD-2017-0-00141"]
[Site "LSS email"]
[Date "2017.09.13"]
[Round "?"]
[White "Nemeth, Laszlo"]
[Black "Sofia, Gerardo"]
[Result "1-0"]
[WhiteElo "1268"]
[BlackElo "1500"]
[PlyCount "53"]
[EventDate "2017.01.29"]
[EventType "tourn (corr)"]
[EventRounds "6"]
[EventCountry "GER"]
[SourceTitle "Corr 2022"]
[Source "ChessBase"]
[SourceDate "2021.10.24"]
[SourceVersion "1"]
[SourceVersionDate "2021.10.24"]
[SourceQuality "1"]

1. d4 e6 2. c4 f5 3. g3 Nf6 4. Bg2 Be7 5. Nf3 0-0 6. 0-0 c6 7. b3 d5 8. Ba3 Bxa3 9. Nxa3 Ne4 10. Nc2 Nd7 11. Rc1 Qa5 12. Nce1 dxc4 13. Rxc4 Qxa2 14. Ra4 Qb2 15. Nd3 Qc3 16. Qb1 g5 17. Rc1 g4 18. Rxc3 Nxc3 19. Qa1 Nxa4 20. Ng5 Nab6 21. Nxe6 Rf6 22. Nc7 Rb8 23. Qxa7 Rf7 24. Qa5 Rg7 25. Nf4 Rf7 26. e4 fxe4 27. Qg5+ 1-0

[Event "RD-2017-0-00141"]
[Site "LSS email"]
[Date "2017.09.13"]
[Round "?"]
[White "Trusewicz, Jolanta"]
[Black "Nemeth, Laszlo"]
[Result "1-0"]
[WhiteElo "1800"]
[BlackElo "1268"]
[PlyCount "57"]
[EventDate "2017.01.29"]
[EventType "tourn (corr)"]
[EventRounds "6"]
[EventCountry "GER"]
[SourceTitle "Corr 2022"]
[Source "ChessBase"]
[SourceDate "2021.10.24"]
[SourceVersion "1"]
[SourceVersionDate "2021.10.24"]
[SourceQuality "1"]

1. e4 c5 2. c3 Nf6 3. e5 Nd5 4. d4 cxd4 5. Nf3 Nc6 6. cxd4 d6 7. Bc4 Nb6 8. Bb5 dxe5 9. Nxe5 Bd7 10. Nxd7 Qxd7 11. Nc3 e6 12. 0-0 Be7 13. Qg4 0-0 14. Bxc6 Qxc6 15. Bh6 Bf6 16. Rad1 Qd7 17. Ne4 Qd8 18. Rd3 Kh8 19. Bf4 Nd5 20. Be5 Bxe5 21. dxe5 Qe7 22. Rg3 Rg8 23. Qh5 Rgf8 24. h3 Rac8 25. Rd1 a6 26. Rxg7 Kxg7 27. Nf6 h6 28. Qg4+ Kh8 29. Qh4 1-0

[Event "ZL-2017-0-02033"]
[Site "LSS email"]
[Date "2017.09.05"]
[Round "?"]
[White "Salazar Moran, Alejandro Fortunato"]
[Black "Nemeth, Laszlo"]
[Result "0-1"]
[WhiteElo "1349"]
[BlackElo "1481"]
[PlyCount "68"]
[EventDate "2017.08.24"]
[EventType "match (corr)"]
[EventRounds "2"]
[EventCountry "GER"]
[SourceTitle "Corr 2022"]
[Source "ChessBase"]
[SourceDate "2021.10.24"]
[SourceVersion "1"]
[SourceVersionDate "2021.10.24"]
[SourceQuality "1"]

1. e4 c5 2. Nf3 Nc6 3. d4 cxd4 4. Nxd4 Nf6 5. Nc3 e5 6. Ndb5 d6 7. Bg5 a6 8. Na3 b5 9. Bxf6 gxf6 10. Nd5 f5 11. Bd3 Be6 12. c4 Qa5+ 13. Kf1 fxe4 14. Bxe4 Rc8 15. cxb5 axb5 16. Rc1 b4 17. Nf6+ Ke7 18. Nd5+ Bxd5 19. Qxd5 Qxd5 20. Bxd5 Bh6 21. Rxc6 Rxc6 22. Bxc6 Rc8 23. Nc2 Rxc6 24. Ne1 Rc1 25. Ke2 Rb1 26. b3 Rb2+ 27. Kf3 d5 28. Kg3 e4 29. f3 Rxa2 30. fxe4 dxe4 31. Kg4 Ke6 32. Rf1 Ra1 33. Kg3 f5 34. Kf2 Rb1 0-1

[Event "ZL-2017-0-02031"]
[Site "LSS email"]
[Date "2017.08.31"]
[Round "?"]
[White "Nemeth, Laszlo"]
[Black "Trzebiatowski, Krzysztof"]
[Result "1-0"]
[WhiteElo "1512"]
[BlackElo "1919"]
[PlyCount "81"]
[EventDate "2017.08.13"]
[EventType "match (corr)"]
[EventRounds "2"]
[EventCountry "GER"]
[SourceTitle "Corr 2022"]
[Source "ChessBase"]
[SourceDate "2021.10.24"]
[SourceVersion "1"]
[SourceVersionDate "2021.10.24"]
[SourceQuality "1"]

1. d4 b5 2. e4 Bb7 3. Bd3 e6 4. Nf3 a6 5. 0-0 c5 6. a4 c4 7. Be2 Nf6 8. Bg5 Be7 9. e5 Nd5 10. Bxe7 Qxe7 11. Nc3 0-0 12. Ne4 Nf4 13. Nd6 Nxe2+ 14. Qxe2 Bxf3 15. Qxf3 Nc6 16. c3 f6 17. Qe2 fxe5 18. dxe5 Qg5 19. Rfe1 b4 20. Nxc4 bxc3 21. bxc3 Rf5 22. Rad1 Raf8 23. Rf1 Nxe5 24. Nxe5 Rxe5 25. Qxa6 Ra5 26. Qb7 Rxa4 27. Qxd7 Re4 28. Rfe1 Qf4 29. f3 Re5 30. h4 h6 31. Rxe5 Qxe5 32. Qd4 Qxd4+ 33. Rxd4 Rb8 34. c4 Kf7 35. Rf4+ Ke7 36. Rg4 Kf6 37. Kf2 Rb3 38. Rf4+ Ke7 39. Re4 g6 40. Re3 Rxe3 41. Kxe3 1-0

[Event "LSS No Engine Cup 172 Preliminary 0"]
[Site "LSS email"]
[Date "2017.08.19"]
[Round "?"]
[White "Obrien, Glenn"]
[Black "Nemeth, Laszlo"]
[Result "0-1"]
[WhiteElo "1647"]
[BlackElo "1600"]
[PlyCount "90"]
[EventDate "2017.08.20"]
[EventType "tourn (corr)"]
[EventRounds "6"]
[EventCountry "GER"]
[SourceTitle "Corr 2022"]
[Source "ChessBase"]
[SourceDate "2021.10.24"]
[SourceVersion "1"]
[SourceVersionDate "2021.10.24"]
[SourceQuality "1"]

1. e4 c5 2. Nf3 Nc6 3. d4 cxd4 4. Nxd4 Nf6 5. Nc3 e5 6. Ndb5 d6 7. Bg5 a6 8. Na3 b5 9. Nd5 Be7 10. Bxf6 Bxf6 11. c3 0-0 12. Nc2 Be6 13. a4 bxa4 14. Rxa4 a5 15. Bc4 Bg5 16. 0-0 g6 17. Nce3 Rb8 18. Qe2 Qd7 19. Bb5 Nd4 20. cxd4 Qxb5 21. Qxb5 Rxb5 22. dxe5 dxe5 23. Nc3 Rxb2 24. Rxa5 Bxe3 25. fxe3 Rc8 26. Rb5 Rd2 27. Nb1 Ra2 28. Rxe5 Bg4 29. Rg5 Be2 30. Re1 Bd3 31. Rd1 Bxe4 32. Rg4 f5 33. Rh4 Rb2 34. Rxe4 fxe4 35. g3 Rcc2 36. Na3 Rc3 37. Nb1 Rxe3 38. Rd8+ Kf7 39. Nd2 Re2 40. Nf1 e3 41. Rd7+ Kf6 42. Rd6+ Ke5 43. Ra6 Rg2+ 44. Kh1 e2 45. Ra5+ Kd4 0-1